<?xml version="1.0" encoding="UTF-8"?><?xml-stylesheet type="text/xsl" href="static/style.xsl"?><OAI-PMH xmlns="http://www.openarchives.org/OAI/2.0/" xmlns:xsi="http://www.w3.org/2001/XMLSchema-instance" xsi:schemaLocation="http://www.openarchives.org/OAI/2.0/ http://www.openarchives.org/OAI/2.0/OAI-PMH.xsd"><responseDate>2026-04-17T08:00:39Z</responseDate><request verb="GetRecord" identifier="oai:www.recercat.cat:2072/473552" metadataPrefix="marc">https://recercat.cat/oai/request</request><GetRecord><record><header><identifier>oai:recercat.cat:2072/473552</identifier><datestamp>2024-11-04T07:16:53Z</datestamp><setSpec>com_2072_98</setSpec><setSpec>col_2072_378192</setSpec></header><metadata><record xmlns="http://www.loc.gov/MARC21/slim" xmlns:dcterms="http://purl.org/dc/terms/" xmlns:xsi="http://www.w3.org/2001/XMLSchema-instance" xmlns:doc="http://www.lyncode.com/xoai" xsi:schemaLocation="http://www.loc.gov/MARC21/slim http://www.loc.gov/standards/marcxml/schema/MARC21slim.xsd">
   <leader>00925njm 22002777a 4500</leader>
   <datafield ind2=" " ind1=" " tag="042">
      <subfield code="a">dc</subfield>
   </datafield>
   <datafield ind2=" " ind1=" " tag="720">
      <subfield code="a">Merino Pareja, Rafael</subfield>
      <subfield code="e">author</subfield>
   </datafield>
   <datafield ind2=" " ind1=" " tag="720">
      <subfield code="a">Palou Fons, Arnau</subfield>
      <subfield code="e">author</subfield>
   </datafield>
   <datafield ind2=" " ind1=" " tag="260">
      <subfield code="c">2024</subfield>
   </datafield>
   <datafield ind2=" " ind1=" " tag="520">
      <subfield code="a">El artículo pretende introducir en el debate sobre la desigualdad de oportunidad educativa la influencia de actividades relacionadas con la participación del alumnado de secundaria en es-tructuras de participación de los centros y en estructuras de participación de asociaciones culturales y juveniles. A partir de una muestra longitudinal de 2056 estudiantes de 4º de ESO de la ciudad de Barcelona, se ha analizado la estructura social de estas actividades y la relación con variables académicas como el rendimiento y la transición a la educación postobligatoria. El principal resultado es que existe una desigualdad en el acceso a entidades asociativas fuera de la escuela y que los beneficios de participar en estas asociaciones son sustancialmente mayores para los jóvenes de familias con un alto capital cultural.</subfield>
   </datafield>
   <datafield ind2=" " ind1=" " tag="520">
      <subfield code="a">This paper aims to introduce into the debate on inequality of educational opportunity the in-fluence of activities related to the participation of secondary school students in the participa-tion structures of schools and in the participation structures of cultural and youth associations. Based on a longitudinal sample of 2056 students in the 10th grade in the city of Barcelona, we analysed the social structure of non-curricular activities and the relationship with academic variables such as performance and transition to post-compulsory education. The main result is that there is inequality in access to associative entities outside school and that the benefits of participating in these associations are substantially higher for young people from families with high cultural capital.</subfield>
   </datafield>
   <datafield ind1="8" ind2=" " tag="024">
      <subfield code="a">http://hdl.handle.net/2072/473552</subfield>
   </datafield>
   <datafield tag="653" ind2=" " ind1=" ">
      <subfield code="a">Desigualdad social</subfield>
   </datafield>
   <datafield tag="653" ind2=" " ind1=" ">
      <subfield code="a">Rendimiento académico</subfield>
   </datafield>
   <datafield tag="653" ind2=" " ind1=" ">
      <subfield code="a">Itinerario educativo</subfield>
   </datafield>
   <datafield tag="653" ind2=" " ind1=" ">
      <subfield code="a">Participación escolar</subfield>
   </datafield>
   <datafield tag="653" ind2=" " ind1=" ">
      <subfield code="a">Participación asociativa</subfield>
   </datafield>
   <datafield tag="653" ind2=" " ind1=" ">
      <subfield code="a">Social inequality</subfield>
   </datafield>
   <datafield tag="653" ind2=" " ind1=" ">
      <subfield code="a">Academic attainment</subfield>
   </datafield>
   <datafield tag="653" ind2=" " ind1=" ">
      <subfield code="a">Educational pathway</subfield>
   </datafield>
   <datafield tag="653" ind2=" " ind1=" ">
      <subfield code="a">School participation</subfield>
   </datafield>
   <datafield tag="653" ind2=" " ind1=" ">
      <subfield code="a">Associative participation</subfield>
   </datafield>
   <datafield ind2="0" ind1="0" tag="245">
      <subfield code="a">La participación escolar y asociativa del alumnado de secundaria como elemento de reproducción de la desigualdad de oportunidad educativa</subfield>
   </datafield>
</record></metadata></record></GetRecord></OAI-PMH>